New fantasies (Record no. 1621)

MARC details
000 -LEADER
campo de control de longitud fija 00910nam a2200157 4500
008 - DATOS DE LONGITUD FIJA--INFORMACIÓN GENERAL
campo de control de longitud fija 708 C346n
020 ## - NÚMERO INTERNACIONAL ESTÁNDAR DEL LIBRO
Número Internacional Estándar del Libro 9789968899345
082 ## - NÚMERO DE LA CLASIFICACIÓN DECIMAL DEWEY
Número de clasificación 708
Número de ítem C346n
100 ## - ENTRADA PRINCIPAL--NOMBRE DE PERSONA
Nombre de persona Castañeda, Lina
9 (RLIN) 6693
245 ## - MENCIÓN DEL TÍTULO
Título New fantasies
260 ## - PUBLICACIÓN, DISTRIBUCIÓN, ETC.
Lugar de publicación, distribución, etc. San José, Costa Rica
Nombre del editor, distribuidor, etc. TEOR/éTica
Fecha de publicación, distribución, etc. 2017
300 ## - DESCRIPCIÓN FÍSICA
Extensión 188 p.
Otras características físicas ill (col)
Dimensiones 24 x 17 cm
505 ## - NOTA DE CONTENIDO CON FORMATO
Título New Fantasies en TEOR/éTica
Mención de responsabilidad Gabriela Saénz-Shelby
Título New Fantasies
Mención de responsabilidad Lina Castañeda e Inti Guerrero
Título El benéfico perfume de las flores del mal
Mención de responsabilidad Roberto Guerrero
Título Discurso de graduación
Mención de responsabilidad Meryl Streep
Título "Son machistas las tratan mal": masculinidad transaccional comparativa en el turismo sexual
Mención de responsabilidad Megan Rivers-Moore
Título Entrevista al curador Xavier Arakistain
Mención de responsabilidad Lina Casteñeda
Título Poema vitrina
Mención de responsabilidad María Teresa Hincapié
Título Translations
650 ## - PUNTO DE ACCESO ADICIONAL DE MATERIA--TÉRMINO DE MATERIA
Subdivisión general arte contemporáneo
-- arte - exhibiciones
-- arte - identidad de género
-- arte - mujeres
-- are - sexualidad
9 (RLIN) 6694
700 ## - ENTRADA AGREGADA--NOMBRE PERSONAL
Nombre de persona Guerrero, Inti
9 (RLIN) 6695
Holdings
Estatus retirado Estado de pérdida Fuente del sistema de clasificación o colocación Estado de daño No para préstamo Biblioteca de origen Biblioteca actual Ubicación en estantería Fecha de adquisición Total de préstamos Signatura topográfica completa Código de barras Visto por última vez Precio de reemplazo Tipo de ítem Koha
    Clasificación Decimal Dewey     Biblioteca LadoV Biblioteca LadoV   20/09/2018   708 C346n 002264 20/09/2018 20/09/2018 Material 01
    Clasificación Decimal Dewey     Biblioteca LadoV Biblioteca LadoV   20/09/2018   708 C346n 002280 20/09/2018 20/09/2018 Material 01